Makroekonomické rozhodovacie procesy
Na minha lista:
| Autor principal: | |
|---|---|
| Autor Corporativo: | |
| Outros Autores: | |
| Formato: | Livro |
| Idioma: | eslovaco |
| Publicado em: |
Bratislava
Ekonomická univerzita
1995
|
| Edição: | 1. vyd. |
| Assuntos: | |
| Tags: |
Sem tags, seja o primeiro a adicionar uma tag!
|
MARC
| LEADER | 00000nam a2200000 4500 | ||
|---|---|---|---|
| 001 | c009644 | ||
| 005 | 20221214071318.7 | ||
| 020 | |a 80-225-0638-9 | ||
| 041 | 0 | |a slo | |
| 044 | |a SK | ||
| 245 | 1 | 0 | |a Makroekonomické rozhodovacie procesy |c Viera Bacová, Vladimír Mokrý |
| 250 | |a 1. vyd. | ||
| 264 | 1 | |a Bratislava |b Ekonomická univerzita |c 1995 | |
| 300 | |a 132 s. | ||
| 610 | 2 | 0 | |a makroekonomika |
| 610 | 2 | 0 | |a procesy rozhodovacie |
| 610 | 2 | 0 | |a cykly hospodárske |
| 610 | 2 | 0 | |a podnikanie |
| 610 | 2 | 0 | |a politika hospodárska |
| 610 | 2 | 0 | |a inflácia |
| 610 | 2 | 0 | |a nezamestnanosť |
| 610 | 2 | 0 | |a hospodárstvo národné |
| 610 | 2 | 0 | |a politika fiškálna |
| 610 | 2 | 0 | |a dopyt |
| 610 | 2 | 0 | |a ponuka |
| 100 | 1 | |a Bacová, Viera | |
| 700 | 1 | |a Mokrý, Vladimír | |
| 710 | 2 | |a Ekonomická univerzita v Bratislave. Národohospodárska fakulta | |